000 01040cab a2200193 4500
001 ##L132237
008 060120n2006 000 0 eng u
035 _a(Sirsi) u132237
041 0 _aeng
100 1 _aRussell-Croucher, Martin
245 0 0 _aEPBD
_blacking energy!
260 _c2006
490 0 _aRICS Building Surveying Faculty: The Journal
_vJanuary / February 2006, 10-11(2)
520 _aReports on the slow progress being made in introducing the energy performance of buildings directive (Directive 2002/91/EC). Looks at the history and objectives of the Directive, examines those articles of the directive which are of importance to surveyors, and outlines the problems which prevented implementation by the due date of 4 January 2006, in particular the lack of an agreed training regime, and of a methodology for producing energy certificates for all properties.
590 _aIKA310106
650 2 4 _aDIRECTIVE 2002/91/EC
690 _aENVIRONMENTAL AND LAND CONSULTANCY-ENERGY-ENERGY USE-ENERGY EFFICIENCY
942 _n0
999 _c76368
_d76368